<?xml version="1.0" encoding="UTF-8"?>
<marc:record xmlns:marc="http://www.loc.gov/MARC21/slim">
   <marc:leader>00000nam a2200000 a 4500</marc:leader>
   <marc:datafield ind1="1" ind2=" " tag="100">
      <marc:subfield code="a">Geisler, Dagmar</marc:subfield>
      <marc:subfield code="4">aut</marc:subfield>
      <marc:subfield code="e">Verfasser/-in</marc:subfield>
   </marc:datafield>
   <marc:datafield ind1="0" ind2="0" tag="245">
      <marc:subfield code="a">Ich geh doch nicht mit jedem mit!</marc:subfield>
   </marc:datafield>
   <marc:datafield ind1="0" ind2="0" tag="245">
      <marc:subfield code="b">Kinderbuch</marc:subfield>
   </marc:datafield>
   <marc:datafield ind1=" " ind2="1" tag="264">
      <marc:subfield code="b">Loewe Verlag GmbH</marc:subfield>
      <marc:subfield code="c">2009</marc:subfield>
   </marc:datafield>
   <marc:datafield ind1="1" ind2=" " tag="520">
      <marc:subfield code="a">Lu wartet darauf, endlich abgeholt zu werden. Ganz allein steht sie auf der Straße. Da kommt Frau Schmidt vorbei. "Hallo, Lu! Komm mit, ich bringe dich nach Hause." Frau Schmidt wohnt in der gleichen Gegend wie Lu. Aber wie heißt sie eigentlich mit Vornamen? Und sind ihre roten Haare echt oder bloß gefärbt? Das alles weiß Lu nicht. "Ich kenn dich nicht, ich geh nicht mit!", sagt sie. "Und außerdem hat Mama gesagt, dass ich warten soll." Ein sensibel erzähltes Bilderbuch zu einem wichtigen Thema.</marc:subfield>
   </marc:datafield>
   <marc:datafield ind1=" " ind2=" " tag="020">
      <marc:subfield code="a">9783785562390</marc:subfield>
      <marc:subfield code="9">9783785562390</marc:subfield>
   </marc:datafield>
</marc:record>
